La Negativa a los valores de la emancipación humana y la recuperación del bien común /

সংরক্ষণ করুন:
গ্রন্থ-পঞ্জীর বিবরন
প্রধান লেখক: Hinkelammert, Franz J.
বিন্যাস: পাঠ‍্য
বিষয়গুলি:
ট্যাগগুলো: ট্যাগ যুক্ত করুন
কোনো ট্যাগ নেই, প্রথমজন হিসাবে ট্যাগ করুন!

MARC

LEADER 00000 a a2200000 04500
001 11938
003
040
100 |a Hinkelammert, Franz J.  
245 |a La Negativa a los valores de la emancipación humana y la recuperación del bien común /  |c Franz J. Hinkelammert 
650 |a IGUALDAD DE OPORTUNIDADES  
650 |a DERECHOS HUMANOS  
650 |a VALORES SOCIALES  
650 |a RELIGION  
773 |g número 90; páginas 11-23  
999 |c 23351  |d 23351 
773 0 |0 41641  |9 2541  |a Departamento Ecuménico de Investigaciones (DEI)  |d San José, Costa Rica Departamento Ecuménico de Investigaciones (DEI)  |o 20164  |t Pasos /